El Nunca más : (Registro nro. 1016)
[ vista simple ]
| 000 -LEADER | |
|---|---|
| fixed length control field | 02351nam a22003737a 4500 |
| 003 - CONTROL NUMBER IDENTIFIER | |
| control field | AR-RoUNCS |
| 005 - DATE AND TIME OF LATEST TRANSACTION | |
| control field | 20260514095854.0 |
| 007 - PHYSICAL DESCRIPTION FIXED FIELD--GENERAL INFORMATION | |
| fixed length control field | ta |
| 008 - FIXED-LENGTH DATA ELEMENTS--GENERAL INFORMATION | |
| fixed length control field | 260514s2017 ag a||||r|||| 00| 0 spa d |
| 020 ## - INTERNATIONAL STANDARD BOOK NUMBER | |
| International Standard Book Number | 9789874012371 |
| 040 ## - CATALOGING SOURCE | |
| Original cataloging agency | AR-RoUNCS |
| Language of cataloging | spa |
| Transcribing agency | AR-RoUNCS |
| 041 ## - LANGUAGE CODE | |
| Language code of text/sound track or separate title | spa |
| 245 03 - TITLE STATEMENT | |
| Title | El Nunca más : |
| Remainder of title | y los crímenes de la dictadura / |
| Statement of responsibility, etc. | [redacción y compilación de Victoria Ginzberg y Alejandra Dandán]. |
| 260 ## - PUBLICATION, DISTRIBUTION, ETC. | |
| Place of publication, distribution, etc. | [Ciudad Autónoma de Buenos Aires] : |
| Name of publisher, distributor, etc. | Ministerio de Cultura de la Nación, |
| Date of publication, distribution, etc. | i2017. |
| 300 ## - PHYSICAL DESCRIPTION | |
| Extent | 193 p. : |
| Other physical details | ils. ; |
| Dimensions | 23 cm. |
| 490 0# - SERIES STATEMENT | |
| Series statement | Libros y casas |
| 505 ## - FORMATTED CONTENTS NOTE | |
| Title | El Nunca más<br/> |
| 505 ## - FORMATTED CONTENTS NOTE | |
| Title | La edición del Informe Nunca más del año 2006, con motivo del 30º aniversario<br/> |
| 505 ## - FORMATTED CONTENTS NOTE | |
| Title | Prólogo a la edición original<br/> |
| 505 ## - FORMATTED CONTENTS NOTE | |
| Title | I. La represión como método<br/> |
| 505 ## - FORMATTED CONTENTS NOTE | |
| Title | II. La muerte como arma política<br/> |
| 505 ## - FORMATTED CONTENTS NOTE | |
| Title | III. La Iglesia. El Plan Cóndor<br/> |
| 505 ## - FORMATTED CONTENTS NOTE | |
| Title | IV. Los documentos<br/> |
| 505 ## - FORMATTED CONTENTS NOTE | |
| Title | V. Víctimas<br/> |
| 505 ## - FORMATTED CONTENTS NOTE | |
| Title | VI. El Poder Judicial<br/> |
| 505 ## - FORMATTED CONTENTS NOTE | |
| Title | VII. El respaldo doctrinario de la represión<br/> |
| 505 ## - FORMATTED CONTENTS NOTE | |
| Title | Conclusiones |
| 520 ## - SUMMARY, ETC. | |
| Summary, etc. | El Nunca más apareció por primera vez el 30 de noviembre de 1984 con los comienzos de la nueva democracia. Desde entonces, marcó la historia de este país como un símbolo de la lucha por la defensa de los derechos humanos.<br/>El gobierno del Presidente Raúl Alfonsín pidió a un equipo de personalidades de la cultura y de la ciencia, encabezado por el escritor Ernesto Sabato, una investigación especial sobre los crímenes que se habían cometido durante la última dictadura cívico militar entre 1976 y 1983.<br/>Al comienzo, algunas víctimas de la dictadura se acercaron con discreción en busca de un espacio confiable. Luego fueron miles los testimonios. Al caudal de denuncias de Buenos Aires se sumaron las recogidas en distintos puntos del país. De esta manera, se dio inicio al trabajo de la Comisión Nacional sobre la Desaparición de Personas, conocida luego como Conadep.<br/>La Conadep escribió un informe de 50 mil páginas en las que se documentaron los datos que la dictadura se había propuesto borrar |
| 650 #7 - SUBJECT ADDED ENTRY--TOPICAL TERM | |
| Source of heading or term | embne |
| Topical term or geographic name entry element | Historia |
| Geographic subdivision | Argentina |
| 650 #7 - SUBJECT ADDED ENTRY--TOPICAL TERM | |
| Source of heading or term | embne |
| Topical term or geographic name entry element | Dictadura |
| 700 1# - ADDED ENTRY--PERSONAL NAME | |
| Personal name | Ginzberg, Victoria |
| Relator term | compilador |
| 700 1# - ADDED ENTRY--PERSONAL NAME | |
| Personal name | Dandán, Alejandra |
| Relator term | compilador |
| 942 ## - ADDED ENTRY ELEMENTS (KOHA) | |
| Source of classification or shelving scheme | Universal Decimal Classification |
| Koha item type | Obra General |
| Suppress in OPAC | No |
| Withdrawn status | Lost status | Source of classification or shelving scheme | Damaged status | Not for loan | Collection | Home library | Current library | Date acquired | Source of acquisition | Total checkouts | Full call number | Barcode | Date last seen | Price effective from | Koha item type |
|---|---|---|---|---|---|---|---|---|---|---|---|---|---|---|---|
| Universal Decimal Classification | Colección General | Biblioteca Escuela de Ciencias Sociales | Biblioteca Escuela de Ciencias Sociales | 14/05/2026 | Donación 2026 | 94(82)"1976/1983" N972 | 000973 | 14/05/2026 | 14/05/2026 | Obra General |